|
|
|
|
| LEADER |
00000nam2a2200000 4500 |
| 001 |
185358 |
| 005 |
20231031172850.0 |
| 035 |
|
|
|a (RuTPU)RU\TPU\book\201054
|
| 035 |
|
|
|a RU\TPU\book\200997
|
| 090 |
|
|
|a 185358
|
| 100 |
|
|
|a 20101008g19441946k y0rusy50 ca
|
| 101 |
0 |
|
|a rus
|
| 102 |
|
|
|a RU
|
| 105 |
|
|
|a ac z 000zy
|
| 200 |
0 |
|
|a Т. 62, вып. 1-2
|
| 210 |
|
|
|c Изд-во ТПИ
|d 1944-1946
|
| 215 |
|
|
|a 508 с.
|c портр., табл., граф., черт., рис.
|
| 461 |
|
1 |
|0 (RuTPU)RU\TPU\book\200995
|t Известия Томского политехнического института [Известия ТПИ]
|f Томский политехнический институт (ТПИ)
|v Т. 62, вып. 1-2
|d 1944-1976
|
| 600 |
|
1 |
|a Усов
|g Михаил Антонович
|b М. А.
|c российский геолог
|c профессор Томского технологического института
|f 1883-1939
|y Томск
|2 stltpush
|3 (RuTPU)RU\TPU\pers\1941
|
| 601 |
0 |
2 |
|a Томский индустриальный институт (ТИИ)
|c (1934-1944)
|2 stltpush
|3 (RuTPU)RU\TPU\col\9243
|
| 601 |
0 |
2 |
|a Томский политехнический институт (ТПИ)
|c (1944-1991)
|2 stltpush
|3 (RuTPU)RU\TPU\col\1123
|
| 610 |
1 |
|
|a железные руды
|
| 610 |
1 |
|
|a месторождения
|
| 610 |
1 |
|
|a Хакасия
|
| 610 |
1 |
|
|a интрузивы
|
| 610 |
1 |
|
|a тектоника
|
| 610 |
1 |
|
|a геологические исследования
|
| 610 |
1 |
|
|a Сибирь
|
| 610 |
1 |
|
|a Урал
|
| 610 |
1 |
|
|a угленосные отложения
|
| 610 |
1 |
|
|a тектогенез
|
| 610 |
1 |
|
|a Кузбасс
|
| 610 |
1 |
|
|a мощные пласты
|
| 610 |
1 |
|
|a очистные забои
|
| 610 |
1 |
|
|a рудные месторождения
|
| 610 |
1 |
|
|a разработка
|
| 610 |
1 |
|
|a шахты
|
| 610 |
1 |
|
|a диспетчерское управление
|
| 610 |
1 |
|
|a погрузочные машины
|
| 610 |
1 |
|
|a канаты
|
| 610 |
1 |
|
|a рудничная вентиляция
|
| 610 |
1 |
|
|a научные исследования
|
| 610 |
1 |
|
|a труды учёных ТПУ
|
| 675 |
|
|
|a 62
|v 3
|
| 801 |
|
1 |
|a RU
|b 63413507
|c 20090209
|g PSBO
|
| 801 |
|
2 |
|a RU
|b 63413507
|c 20230627
|g PSBO
|
| 942 |
|
|
|c BK
|